|
|
|
|
| LEADER |
00000nam a22000007a 4500 |
| 005 |
20160413153858.0 |
| 007 |
cr|||| || |
| 008 |
160413s2008 bl ||||| |||| 00||0 por d |
| 020 |
|
|
|a 978-85-89919-55-5
|
| 035 |
|
|
|a 14131
|
| 040 |
|
|
|a vLex
|
| 090 |
|
|
|c 5997
|d 5997
|
| 100 |
1 |
|
|a Lima de Jesus Giusti, Miriam Petri
|
| 245 |
1 |
0 |
|a Direito da Seguridade Social. Provas & Concursos
|h [Recurso electrn̤ico] /
|c Miriam Petri Lima de Jesus Giusti
|
| 256 |
|
|
|a Servicio en ln̕ea
|
| 260 |
|
|
|a Brasil
|b Pillares
|c 2008
|
| 300 |
|
|
|a 1 recurso electrn̤ico
|
| 506 |
1 |
|
|a Contenido solo disponible en los productos disponibles
|d vLex Global
|d vLex Global (Academic Edition, excluding Law Schools)
|d vLex Global (U.S. Academic Edition, Law Schools)
|d vLex Global (U.S. Academic Edition, excluding Law Schools)
|d vLex Global (Academic Edition, Law Schools)
|
| 650 |
0 |
4 |
|a Seguridad Social
|z Brasil
|
| 740 |
0 |
|
|a vLex libros (servicio en ln̕ea)
|
| 856 |
4 |
0 |
|u http://vlex.com/source/direito-seguridade-social-14131
|z Acceso restringido
|
| 942 |
|
|
|c BOOK
|
| 999 |
0 |
|
|a Social security
|b Brasil
|